000 00482nam a2200193Ia 4500
005 20240307100754.0
008 131103s9999 xx 000 0 und d
040 _aLoreto College
041 _aEnglish
082 _a371.3
_bLOV
100 _aLovell,K.
245 _aTeam Teaching,
_cK.Lovell
260 _aDelhi
_bThe Department
_c1969
300 _a52 p.
504 _aIncludes appendix
650 _aMethods Of Instruction and Study
850 _aLCLIB
942 _cBK
999 _c10579
_d61058